000 00210nam a2200097Ia 4500
008 220204s9999 xx 000 0 und d
082 _a159.9
_bHAR
100 _aHarris, Anthony
245 0 _aSex fun
942 _cBK
999 _c37421
_d37421